Capitani dell'Inter - Statistics

Statistiche generali
  • Questo quiz è stato fatto 131 volte
  • Il punteggio medio è 10 su 27
Statistiche sulle risposte
Ruolo Stagioni al club Stagioni da capitano Presenze Reti Calciatore % Corretto
TD/M 1995-2014 2001-2014 (13) 858 21 Javier Zanetti
97%
CA 2018-presente 2023-presente (2) 335 153 Lautaro Martínez
94%
P 2012-2023 2019-2023 (5) 455 0 Samir Handanovič
91%
CA 2013-2019 2015-2019 (4)[11] 219 124 Mauro Icardi
87%
L 1979-1999 1992-1999 (7)[9] 756 28 Giuseppe Bergomi
76%
CA 1927-1940 e 1946-1947 1931-1940 (9) 408 284 Giuseppe Meazza
76%
T/CA 1960-1977 1970-1977 (7) 565 161 Sandro Mazzola
66%
DC 2011-2016, 2016-2017, 2017-2022 2014-2015 (1) 226 14 Andrea Ranocchia
64%
TS/L 1960-1978 1977-1978 (1) 634 75 Giacinto Facchetti
63%
CA 1997-2002 1999-2001 (3)[10] 99 59 Ronaldo
61%
CA 1977-1988 1985-1988 (3) 466 209 Alessandro Altobelli
51%
DC/M 1977-1992 1988-1992 (4) 559 13 Giuseppe Baresi
37%
L 1960-1967 1962-1967 (5) 257 2 Armando Picchi
23%
T/R 1957-1973 1967-1970 (3) 502 94 Mario Corso
23%
CA 1957-1961 1958-1961 (3) 113 68 Antonio Angelillo
12%
L 1971-1985 1978-1985 (7) 343 13 Graziano Bini
10%
CC 1910-1922 1915-1922 (7) 142 106 Ermanno Aebi
7%
M 1909-1915 1909-1915 (6) 97 4 Virgilio Fossati
7%
CC 1931-1936 e 1938-1943 1940-1943 (3) 295 86 Attilio Demaría
6%
M 1956-1964 1961-1962 (1) 125 10 Bruno Bolchi
5%
A 1948-1956 1954-1956 (2) 255 73 Gino Armano
5%
M 1949-1950, 1951-1952 e 1954-1960 1957-1958 (1) 148 6 Giovanni Invernizzi
5%
M 1936-1950 1943-1950 (7) 297 39 Aldo Campatelli
4%
DC/M 1948-1954 1950-1954 (4) 191 0 Attilio Giovannini
4%
DC 1949-1957 1956-1957 (1) 208 3 Giovanni Giacomazzi
4%
CA 1919-1920 e 1922-1931 1922-1931 (9) 222 75 Leopoldo Conti
4%
TZ 1909 1909 (1) 2 0 Hernst Marktl
3%
Nessun quiz corrispondente trovato
Distribuzione punteggi
Percentuale di utenti per punteggio
Percentile per numero di risposta
I tuoi punteggi nel tempo
Non hai fatto questo quiz